banner-ar

اللسانيات الاجتماعية عند العرب / (Record no. 60899)

MARC details
000 -الفاتح
حقل البيانات ثابتة الطول 00981nam a22002657a 4500
005 - وقت وتاريخ اخر تعامل مع التسجيلة
رقم الضبط 20240530110434.0
008 - عناصر البيانات ثابتة الطول - معلومات عامة
حقل البيانات ثابتة الطول 150406s2010 jo g b 001 0 ara d
017 ## - رقم الايداع القانونى
رقم الايداع القانونى 2009/6/2947
المصدر ( الهيئة المختصة) الاردن . دار الكتب الاردنية
040 ## - مصدر الفهرسة
وكالة الفهرسة الأصلية EG-CaGPL
082 02 - رقم تصنيف ديوى العشرى
رقم الطبعة 21
رقم التصنيف 306.44\
رقم المادة هـ ل
100 0# - المدخل الرئيسى - إسم شخصى
الإسم الشخصى هادى نهر
245 12 - بيان العنوان
العنوان اللسانيات الاجتماعية عند العرب /
بيان المسئوليه,etc تاليف هادى نهر
260 ## - PUBLICATION, DISTRIBUTION, ETC. (IMPRINT)
تاريخ النشر أو التوزيع 2010 .
300 ## - الوصف المادى
التعداد 227 ص ؛
أبعاد الوعاء 24 سم
504 ## - تبصرة ببليوجرافية
تبصرة ببليوجرافية,الخ ببليوجرافية : ص 216 - 227 + فهارس
650 04 - المدخل الاضافى بالموضوع-مصطلح موضوعى
مصطلح موضوعي اللغات
650 04 - المدخل الاضافى بالموضوع-مصطلح موضوعى
مصطلح موضوعي اللغات
التقسيم الفرعي العام علم الاجتماع
650 04 - المدخل الاضافى بالموضوع-مصطلح موضوعى
مصطلح موضوعي اللغة العربية
التقسيم الفرعي العام الفاظ
650 04 - المدخل الاضافى بالموضوع-مصطلح موضوعى
مصطلح موضوعي اللغة العربية
التقسيم الفرعي العام تاريخ
650 04 - المدخل الاضافى بالموضوع-مصطلح موضوعى
مصطلح موضوعي اللغة
التقسيم الفرعي العام النطق
650 04 - المدخل الاضافى بالموضوع-مصطلح موضوعى
مصطلح موضوعي اللغات
التقسيم الفرعي العام نقد
650 04 - المدخل الاضافى بالموضوع-مصطلح موضوعى
مصطلح موضوعي اللغة
التقسيم الفرعي العام علم
942 ## - عناصر المدخل الإضافي( كوها)
مصدر التصنيف او مخطط الترفيف Dewey Decimal Classification
Koha [default] item type كتاب
260 ## - PUBLICATION, DISTRIBUTION, ETC. (IMPRINT)
-- عمان :
-- دار الامل للنشر والتوزيع ،
Holdings
حالة التراجع حالة الفقد حالة تلف ليس للاعارة المكان المؤقت الموقع الحالى تاريخ الاكتساب اجمالي اﻻعارات رقم الطلب الباركود تاريخ اخر مشاهدة تاريخ تفعيل السعر نوع وعاء كوها
        مكتبة القاهرة الكبرى مكتبة القاهرة الكبرى 04/06/2015   306.44\ هـ ل 160079 04/06/2015 04/06/2015 كتاب

Powered By

EGPV